|
|
|
แสดงรายละเอียดบรรณานุกรม |
|
|
Brief Record
: Get Marc (ISO 2709)
: E-mail record
: |
| LEADER : 00000nam 2200000uu 4500 | |||
| 001 13399129170 | |||
| 003 ULIB | |||
| 008 260421s2568||||th 000 0 tha d | |||
| 020 ^ ^a9786166292299 | |||
| 060 ^ ^aWS420^bส579ก | |||
| 100 0 ^aสันติ ปุณณะหิตานนท์. | |||
| 245 1 ^aคู่มือการดูแลทารกแรกเกิด /^cสันติ ปุณณะหิตานนท์ และพิมลรัตน์ ไทยธรรมยานนท์. | |||
| 260 ^ ^aกรุงเทพฯ :^bสาขาวิชาทารกแรกเกิด ภาควิชากุมารเวชศาสตร์ คณะแพทย์ศาสตร์ จุฬาลงกรณ์มหาวิทยาลัย,^c2568. | |||
| 300 ^ ^a274 หน้า :^bภาพประกอบ, ตาราง, กราฟ | |||
| 505 0 ^aบทที่ 1 การดูแลทารกในช่วงแรกหลังคลอด -- บทที่ 2 การประเมินทารกแรกเกิด และการดูแลเบื้องต้น -- บทที่ 3 การดูแลทารกเกิดก่อนกำหนด -- บทที่ 4 การดูแลรักษาทารกแรกเกิดน้ำหนักน้อย -- บทที่ 5 ภาวะติดเชื้อระยะปริกำเนิดที่ป้องกันได้ในทารกแรกเกิด -- บทที่ 6 ปฏิบัติอย่างไรต่อทารกที่สงสัยมีการติดเชื้อในช่วงอายุ 3 วันแรก -- บทที่ 7 ปฏิบัติอย่างไรเมื่อทารกได้รับการบาดเจ็บจากการคลอด -- บทที่ 8 การดูแลทารกตัวเหลือง -- บทที่ 9 แนวทางการเลี้ยงนมทารกแรกเกิดก่อนกำหนด -- บทที่ 10 การให้สารอาหารทางหลอดเลือดดำ ฯลฯ. | |||
| 505 0 ^aบทที่ 1 การดูแลทารกในช่วงแรกหลังคลอด -- บทที่ 2 การประเมินทารกแรกเกิด และการดูแลเบื้องต้น -- บทที่ 3 การดูแลทารกเกิดก่อนกำหนด -- บทที่ 4 การดูแลรักษาทารกแรกเกิดน้ำหนักน้อย -- บทที่ 5 ภาวะติดเชื้อระยะปริกำเนิดที่ป้องกันได้ในทารกแรกเกิด -- บทที่ 6 ปฏิบัติอย่างไรต่อทารกที่สงสัยมีการติดเชื้อในช่วงอายุ 3 วันแรก -- บทที่ 7 ปฏิบัติอย่างไรเมื่อทารกได้รับการบาดเจ็บจากการคลอด -- บทที่ 8 การดูแลทารกตัวเหลือง -- บทที่ 9 แนวทางการเลี้ยงนมทารกแรกเกิดก่อนกำหนด -- บทที่ 10 การให้สารอาหารทางหลอดเลือดดำ. | |||
| 505 ^ ^aบทที่ 11 การช่วยหายใจแบบไม่รุกล้ำในทารกเกิดก่อนกำหนด -- บทที่ 12 การปฏิบัติต่อทารกโรคหัวใจพิการแต่กำเนิด -- บทที่ 13 ความพิการแต่กำเนิด : ปฏิบัติอย่างไรต่อทารก -- บทที่ 14 ภาวะซีดในทารกแรกเกิด -- บทที่ 15 ภาวะกลูโคสต่ำในเลือดทารกแรกเกิด -- บทที่ 16 ภาวะกลูโคสสูงในเลือดทารก -- บทที่ 17 ภาวะโซเดียมผิดปกติในเลือด -- บทที่ 18 ภาวะโพแทสเซียมผิดปกติในเลือด -- บทที่ 19 ภาวะแคลเซียมต่ำในเลือดทารก -- บทที่ 20 ป้องกันความผิดพลาดที่พบบ่อยในการดูแลทารกแรกเกิดได้อย่างไร -- บทที่ 21 การรักษาด้วยการลดอุณหภูมิร่างกาย -- บทที่ 22 การรักษาด้วยสารลดความดันเลือดในปอดทารกแรกเกิด -- บทที่ 23 แผนการจำหน่ายทารกออกจากโรงพยาบาลและการตรวจติดตาม -- บทที่ 24 ข้อมูลเพิ่มเติมใช้หนังสือ. | |||
| 650 ^ ^aทารก^xการดูแล | |||
| 650 ^ ^aทารกแรกเกิด^xการดูแล^xคู่มือ | |||
| 650 ^ ^aทารกแรกเกิด^xการดูแล. | |||
| 999 ^aประนอม เกษจรัล | |||
| คุณยังไม่ได้ล็อกอิน คุณสามารถมีกิจกรรมร่วมกับเว็บไซต์ได้ แต่ต้องล็อกอินก่อน :: |
|
รายการสื่อสารสนเทศ |
| สถานะ | |||||
| 1. | หนังสือสำรอง สถานะ=หนังสือสำรอง | WS420 ส579ก ฉ.1 Barcode: 011980 | ►หนังสือทั่วไป | บนชั้น | |
| 2. | วิทยาศาสตร์การแพทย์ และสุขภาพ | WS420 ส579ก ฉ.2 Barcode: 011981 | ►หนังสือทั่วไป | บนชั้น | |
| 3. | วิทยาศาสตร์การแพทย์ และสุขภาพ | WS420 ส579ก ฉ.3 Barcode: 011982 | ►หนังสือทั่วไป | บนชั้น | |
| 4. | วิทยาศาสตร์การแพทย์ และสุขภาพ | WS420 ส579ก ฉ.4 Barcode: 011983 | ►หนังสือทั่วไป | บนชั้น | |
| 5. | วิทยาศาสตร์การแพทย์ และสุขภาพ | WS420 ส579ก ฉ.5 Barcode: 011984 | ►หนังสือทั่วไป | บนชั้น | |
| รายการใกล้เคียง หัวเรื่อง [ทารก การดูแล]
|
BibComment |
| คอมเมนท์ทรัพยากรรายการนี้ |
|
| |
Copyright 2026. Bcnsprnw @Library |
|